000 00414nam a2200157 i 4500
001 34093
003 ES-MaACL
005 20230906154857.0
007 t|
008 030204s1963 sp ||||1| spa d
100 1 _aBlanco-Amor, Eduardo.
_929220
245 1 4 _aLos miedos /
_cEduardo Blanco-Amor.
260 _aBarcelona :
_bDestino,
_c[1963]
300 _a237 p. ;
_c18 cm.
852 _aES-MaACL
_jC-24380
_bR.52220
999 _c34093
_d34093